|
|
|
|
| LEADER |
00000cam a22000004a 4500 |
| 001 |
musev2_9580 |
| 003 |
MdBmJHUP |
| 005 |
20230905041108.0 |
| 006 |
m o d |
| 007 |
cr||||||||nn|n |
| 008 |
090625s2010 pau o 00 0 eng d |
| 010 |
|
|
|z 2009026111
|
| 020 |
|
|
|a 9781439900888
|
| 020 |
|
|
|z 9781439900864
|
| 020 |
|
|
|z 9781439900871
|
| 035 |
|
|
|a (OCoLC)647899667
|
| 040 |
|
|
|a MdBmJHUP
|c MdBmJHUP
|
| 050 |
0 |
4 |
|a HN49.C6
|b M63 2010
|
| 082 |
0 |
|
|a 307.1/4120973
|2 22
|
| 245 |
0 |
0 |
|a Mobilizing Communities :
|b Asset Building as a Community Development Strategy /
|c edited by Gary Paul Green and Ann Goetting.
|
| 264 |
|
1 |
|a Philadelphia :
|b Temple University Press,
|c 2010.
|
| 264 |
|
3 |
|a Baltimore, Md. :
|b Project MUSE,
|c 2012
|
| 264 |
|
4 |
|c ©2010.
|
| 300 |
|
|
|a 1 online resource (203 pages).
|
| 336 |
|
|
|a text
|b txt
|2 rdacontent
|
| 337 |
|
|
|a computer
|b c
|2 rdamedia
|
| 338 |
|
|
|a online resource
|b cr
|2 rdacarrier
|
| 504 |
|
|
|a Includes bibliographical references and index.
|
| 505 |
0 |
|
|a Community assests: building the capacity for development / Gary Paul Green ; Investing in the double bottom line: growing finanacial institutions in native communities / Stewart Sarkozy-Bnoczy ; Asset-based community development in alabama's black belt: seven strategies for building a diverse community movement / Emily Blejwas ; The politics of protected areas: environmental capital and community conflict in guatemala / Michael L. Dougherty, Rocio Peralta ; Linking cultural capital conceptions to asset-based community development / Rhonda Phillips, Gordon Shockley ; Neighborhood approaches to as mobilization: building chicago's west side / John P. Kretzmann, Deborah Puntenney ; Natural amenitites and asset-based development in rural communities / Gary Paul Green ; Implementing community development in the mississippi delta: the effect of organizations on resident participation / Mark H. Harvey, Lionel J. Beaulieu ; Lessons learned / Gary Paul Green
|
| 505 |
0 |
|
|a Community assets : building the capacity for development / Gary Paul Green -- Investing in the double bottom line : growing financial institutions in Native communities / Sarah Dewees, Stewart Sarkozy-Banoczy -- Asset-based community development in Alabama's black belt : seven strategies for building a diverse community movement / Emily Blejwas -- The politics of protected areas : environmental capital and community conflict in Guatemala / Michael L. Dougherty, Rocio Peralta -- Linking cultural capital conceptions to asset-based community development / Rhonda Phillips, Gordon Shockley -- Neighborhood approaches to asset mobilization : building Chicago's West Side / John P. Kretzmann, Deborah Puntenney -- Natural amenities and asset-based development in rural communities / Gary Paul Green -- Implementing community development in the Mississippi Delta : the effect of organizations on resident participation / Mark H. Harvey, Lionel J. Beaulieu -- Lessons learned / Gary Paul Green.
|
| 588 |
|
|
|a Description based on print version record.
|
| 650 |
|
0 |
|a Community organization
|v Case studies.
|
| 650 |
|
0 |
|a Rural development
|v Case studies.
|
| 650 |
|
0 |
|a Economic development
|v Case studies.
|
| 650 |
|
0 |
|a Community development
|v Case studies.
|
| 655 |
|
7 |
|a Electronic books.
|2 local
|
| 700 |
1 |
|
|a Goetting, Ann.
|
| 700 |
1 |
|
|a Green, Gary P.
|
| 710 |
2 |
|
|a Project Muse.
|e distributor
|
| 830 |
|
0 |
|a Book collections on Project MUSE.
|
| 856 |
4 |
0 |
|z Texto completo
|u https://projectmuse.uam.elogim.com/book/9580/
|
| 945 |
|
|
|a Project MUSE - Custom Collection
|
| 945 |
|
|
|a Project MUSE - 2010 Political Science and Policy Studies
|
| 945 |
|
|
|a Project MUSE - 2010 Complete
|